000 00494nam a22001457a 4500
020 _a978-81-7739-264-7
082 _a510
_bAGG/M
100 _aM.L.AGGARWAL
245 _aMATHEMATICS QUESTION BANK AND SAMPLE QUESTION PAPERS
_bCLASS X
260 _aDELHI
_bAVICHAL PUBLISHING COMPANY
_c2010
300 _a304
520 _aMANUAL FOR CONTINUOUS AND COMPREHENSIVE EVALUATION (CCE), FORMATIVE ASSESSMENT , SUMMATIVE ASSESSMENT, HINTS AND SOLUTIONS
650 _aMATHS FOR CLASS X
_zINDIA
942 _cBK
999 _c758
_d758